| 000 | 00964nam a2200265 a 4500 | ||
|---|---|---|---|
| 001 | 000026589 | ||
| 003 | AM-YEHGA | ||
| 005 | 20250618070905.0 | ||
| 008 | 981204s1973 ai |||||||||||||||||arm|d | ||
| 040 | _aAM-YeHGA | ||
| 041 | 1 |
_aarm _hger |
|
| 100 | 1 | _aԿոռն, Վիլմոշ | |
| 245 | 1 | 0 |
_aՄավրը և Լոնդոնի ագռավները : _b[Վեպ] / _cՎ. Կոռն, Ի. Կոռն; Գերմ. թարգմ.՝ Գ. Մարտիրոսյան; Խմբ.՝ Գ. Սարգսյան. |
| 260 |
_aԵրևան : _bՀայաստան , _c1973. |
||
| 300 | _a459 էջ | ||
| 500 | _aՏողատակի ծանոթագրություններ | ||
| 600 | 1 | 4 | _aԿարլ Մարքս |
| 600 | 1 | 4 |
_aԷնգելս, Ֆրիդրիխ _94615 |
| 650 | 1 | 4 |
_aԳերմանական գրականություն _95149 |
| 700 | 1 | _aԿոռն, Իլզե | |
| 700 | 1 |
_aՄարտիրոսյան, Գ. _eթարգմ. _4trl |
|
| 700 | 1 |
_aՍարգսյան, Գ. _eխմբ. _4edt |
|
| 942 |
_2udc _cBK |
||
| 090 | _c11314 | ||
| 999 |
_c11227 _d11227 |
||